Industrial and Organizational Psychology (Record no. 3287)

MARC details
005 - DATE AND TIME OF LATEST TRANSACTION
control field 20250606091613.0
020 ## - INTERNATIONAL STANDARD BOOK NUMBER
International Standard Book Number 13:978-1-4338-0734-3
082 ## - DEWEY DECIMAL CLASSIFICATION NUMBER
Classification number 658.3 IND
245 ## - TITLE STATEMENT
Title Industrial and Organizational Psychology
260 ## - PUBLICATION, DISTRIBUTION, ETC.
Place of publication, distribution, etc. Washington DC,
Name of publisher, distributor, etc. American Library Association.
Date of publication, distribution, etc. 2011.
300 ## - PHYSICAL DESCRIPTION
Extent vii, 960p.; ill.; tables
Other physical details Index.
Dimensions 28cm.
700 ## - ADDED ENTRY--PERSONAL NAME
Other authors/Editors XEDECK, S.
942 ## - ADDED ENTRY ELEMENTS (KOHA)
Source of classification or shelving scheme Dewey Decimal Classification
Koha item type Books
Holdings
Date last seen Total checkouts Full call number Barcode Cost, replacement price Price effective from Koha item type Lost status Source of classification or shelving scheme Damaged status Not for loan Withdrawn status Home library Current library Shelving location Date acquired Cost, normal purchase price
06/06/2025   658.3 IND DOM000114 999999.99 06/06/2025 Books   Dewey Decimal Classification       CBE Dodoma CBE Dodoma Special Reserve Collection 03/12/2025 601030.00
06/06/2025   658.3 IND DOM000117 999999.99 06/06/2025 Books   Dewey Decimal Classification       CBE Dodoma CBE Dodoma   03/12/2025 601030.00
06/06/2025   658.3 IND DOM000116 999999.99 06/06/2025 Books   Dewey Decimal Classification       CBE Dodoma CBE Dodoma   03/12/2025 601030.00